Statistics for New Zealand All Blacks World Cup Opponents 1987-2019

Click here to take the quiz!

General Stats

  • This quiz has been taken 930 times
    (388 since last reset)
  • The average score is 16 of 18

Answer Stats

Year Opponent % Correct
1991Australia
99%
1987France
99%
1991England
98%
1995South Africa
98%
1987Wales
97%
1995Ireland
96%
1987Italy
96%
1987Scotland
96%
1987Fiji
95%
1999Tonga
95%
1987Argentina
94%
1995Japan
92%
1991Canada
90%
1991United States
87%
2015Namibia
84%
2015Georgia
79%
2007Romania
68%
2007Portugal
66%

Score Distribution

Percentile by Number Answered

Percent of People with Each Score

Your Score History

You have not taken this quiz since the last reset